Matemáticas 6 : (Registro nro. 9465)

Detalles MARC
000 -LIDER
fixed length control field 01475nam a2200337 a 4500
001 - NÚMERO DE CONTROL
Identificador de número de control 000020382
003 - IDENTIFICACDOR DE NÚMERO DE CONTROL
control field DO-SdBNP
005 - DATE AND TIME OF LATEST TRANSACTION
control field 20180314083724.0
007 - CAMPOS FIJOS DE DESCRIPCIÓN FÍSICA
fixed length control field 000020382
008 - ELEMENTOS DE LONGITUD FIJA
fixed length control field 150130s2012 dr ac 000 0 spa d
020 ## - ISBN
International Standard Book Number 9789945116359
040 ## - FUENTE DE CATALOGACIÓN
Agencia que crea de manera original el registro BPMSU
Idioma de catalogación spa
Agencia que realiza la transcripción BPMSU
092 ## - LOCALLY ASSIGNED DEWEY DECIMAL CALL NUMBER
Número de clasificación 372.7
Número de ítem (Cutter) S237m, 6to
100 1# - ASIENTO PRINCIPAL -- NOMBRE PERSONAL
Nombre personal Santos, Altagracia
245 10 - MENCIÓN DE TITULO
Título Matemáticas 6 :
Subtítulo educación básica /
Mención de responsabilidad Altagracia Santos; Andrés Molina Moloon
260 ## - PUBLICACIÓN, DISTRIBUCIÓN, ETC. (PIE DE IMPRENTA)
Lugar de publicación, distribución, etc Santo Domingo :
Nombre del editor, distribuidor, etc. Santillana,
Fecha de publicación, distribución, etc 2012
300 ## - DESCRIPCIÓN FÍSICA
Extensión xiii, 191p. :
Otros detalles físicos il., retrs.
Dimensiones 30 cm. +
Material complementario CD-ROM
490 1# - MENCIÓN DE SERIES
Mención de serie Innova
505 0# - NOTA DE CONTENIDO
Título Operaciones aritmética --
-- Fracciones --
-- Números decimales --
-- Operaciones con decimales --
-- Potencias y raíz cuadrada --
-- Porcentajes--
-- Números racionales --
-- Razones y proporciones --
-- Polígonos --
-- Contrucciones geometricas --
-- Mediciones --
-- Estadística y probabilidades
650 #4 - ENCABEZAMIENTO DE MATERIA--TEMÁTICO
Término temático o nombre geográfico como elemento de entrada MATEMÁTICAS
Subdivisión temática general ENSEÑANZA BÁSICA
650 #4 - ENCABEZAMIENTO DE MATERIA--TEMÁTICO
Término temático o nombre geográfico como elemento de entrada MATEMÁTICAS
Subdivisión temática general ENSEÑANZA ELEMENTAL
650 #4 - ENCABEZAMIENTO DE MATERIA--TEMÁTICO
Término temático o nombre geográfico como elemento de entrada EDUCACIÓN PRIMARIA
Subdivisión geográfica REPÚBLICA DOMINICANA
650 #4 - ENCABEZAMIENTO DE MATERIA--TEMÁTICO
Término temático o nombre geográfico como elemento de entrada MATEMÁTICAS
Subdivisión temática general LIBROS DE TEXTOS
650 #4 - ENCABEZAMIENTO DE MATERIA--TEMÁTICO
Término temático o nombre geográfico como elemento de entrada MATEMÁTICAS
Subdivisión temática general ESTUDIO Y EJERCICIOS
700 ## - ASIENTO SECUNDARIO -- NOMBRE PERSONAL
Nombre personal Molina Moloon, Andrés
830 #0 - ASIENTO SECUNDARIO DE SERIE--TÍTULO UNIFORME
Título uniforme Innova
910 ## - VALIDACIÓN
Validación Validado. Control de calidad MFF
942 ## - ADDED ENTRY ELEMENTS (KOHA)
Source of classification or shelving scheme Dewey Decimal Classification
Koha item type Libros
945 ## - INFORMACIÓN DE PROCESAMIENTO LOCAL
Información de procesamiento local Remanejado para BNPHU / 2018 BT
956 ## - LOCAL ELECTRONIC LOCATION AND ACCESS (OCLC)
Nombre de host VMATEO
Número de acceso 10
Información de compresión 20150707
Inicio de sesión BPMSU
Procesador de solicitud 00151
Existencias
Withdrawn status Lost status Source of classification or shelving scheme Damaged status Not for loan Collection code Home library Current library Date acquired Total Checkouts Full call number Barcode Date last seen Price effective from Koha item type Copy number
    Dewey Decimal Classification     Colección Escolar Biblioteca Pública Metropolitana Salomé Ureña Biblioteca Pública Metropolitana Salomé Ureña 03/31/2016   372.7 S237m 6to. Guía BPMSU16030373 03/31/2016 03/31/2016 Libros  
    Dewey Decimal Classification     Colección Escolar Biblioteca Pública Metropolitana Salomé Ureña Biblioteca Pública Metropolitana Salomé Ureña 03/31/2016   372.7 S237m 6to. Guía BPMSU16040003 03/31/2016 03/31/2016 Libros ej. 2